[Event "Topusko op 4th"]
[Site "Topusko"]
[Date "2015.08.07"]
[Round "8"]
[White "Slobodanac, Sinisa"]
[Black "Radenic, Filip"]
[Result "0-1"]
[WhiteElo "1839"]
[BlackElo "1893"]
[PlyCount "88"]
[EventDate "2015.08.01"]
[EventType "swiss"]
[EventRounds "9"]
[EventCountry "CRO"]
[SourceTitle "CBM 167 Extra"]
[Source "ChessBase"]
[SourceDate "2015.09.14"]
[SourceVersion "1"]
[SourceVersionDate "2015.09.14"]
[SourceQuality "1"]

1. b3 d5 2. Bb2 Nf6 3. e3 g6 4. Nf3 Bg7 5. Be2 0-0 6. 0-0 c5 7. d3 b6 8. Nbd2 Bb7 9. Ne5 Nc6 10. Nxc6 Bxc6 11. Be5 Rc8 12. f4 Qd7 13. g4 Rfd8 14. g5 Ne8 15. Bg4 e6 16. Qf3 f5 17. gxf6 Nxf6 18. Bh3 c4 19. Bxf6 Bxf6 20. Rad1 c3 21. Nb1 d4 22. e4 Rf8 23. Qg4 Rce8 24. Rf2 Kh8 25. Rdf1 Qe7 26. Bg2 Bd7 27. e5 Bg7 28. Be4 Rf7 29. Qh3 Kg8 30. Rg2 Ref8 31. Rxg6 hxg6 32. Bxg6 Bh8 33. Bxf7+ Rxf7 34. Rf3 Rg7+ 35. Kf2 Bc6 36. Rg3 Rxg3 37. hxg3 Qd7 38. Na3 b5 39. Qh6 Qd5 40. Qg6+ Bg7 41. Qe4 Qxe4 42. dxe4 Bxe4 43. Nxb5 d3 44. Nxc3 dxc2 0-1

[Event "Topusko op 4th"]
[Site "Topusko"]
[Date "2015.08.03"]
[Round "4"]
[White "Sulc, Damir"]
[Black "Slobodanac, Sinisa"]
[Result "1-0"]
[WhiteElo "2205"]
[BlackElo "1839"]
[PlyCount "69"]
[EventDate "2015.08.01"]
[EventType "swiss"]
[EventRounds "9"]
[EventCountry "CRO"]
[SourceTitle "CBM 167 Extra"]
[Source "ChessBase"]
[SourceDate "2015.09.14"]
[SourceVersion "1"]
[SourceVersionDate "2015.09.14"]
[SourceQuality "1"]

1. e4 b6 2. d4 Bb7 3. Nc3 e6 4. Nf3 Nf6 5. e5 Nd5 6. Nxd5 Bxd5 7. Be2 Bb7 8. 0-0 d5 9. exd6 Bxd6 10. a4 a5 11. Re1 0-0 12. Bd3 h6 13. Ne5 Qh4 14. Re3 f5 15. c3 Be4 16. Bxe4 fxe4 17. Qe2 Qf6 18. Rxe4 c5 19. Nc4 Bc7 20. Rxe6 Qh4 21. g3 Qh3 22. Re7 Na6 23. dxc5 Rad8 24. Be3 Rde8 25. Bd4 Rxe7 26. Qxe7 Qg4 27. cxb6 Bd8 28. Qe5 Bf6 29. Qd5+ Kh8 30. Bxf6 Rxf6 31. Qa8+ Kh7 32. Qxa6 Qe2 33. Rf1 Rf4 34. Qb5 Rh4 35. Qf5+ 1-0

[Event "Osijek-ch op"]
[Site "Osijek"]
[Date "2014.02.20"]
[Round "1"]
[White "Slobodanac, Sinisa"]
[Black "Sulc, Damir"]
[Result "0-1"]
[WhiteElo "1878"]
[BlackElo "2224"]
[PlyCount "62"]
[EventDate "2014.02.20"]
[EventType "swiss"]
[EventRounds "7"]
[EventCountry "CRO"]
[SourceTitle "CBM 159 Extra"]
[Source "ChessBase"]
[SourceDate "2014.04.24"]
[SourceVersion "1"]
[SourceVersionDate "2014.04.24"]
[SourceQuality "1"]

1. c4 Nf6 2. Nc3 e5 3. e4 Bc5 4. h3 0-0 5. d3 Re8 6. Nf3 h6 7. g4 Nh7 8. Bg2 Nc6 9. Be3 d6 10. Qd2 Be6 11. 0-0-0 a6 12. Bxc5 dxc5 13. Nxe5 Nxe5 14. f4 Nc6 15. e5 Nd4 16. Ne4 Qe7 17. Rhf1 Rad8 18. Qf2 b5 19. f5 Bc8 20. f6 Qxe5 21. Qh4 Nxf6 22. Nxf6+ gxf6 23. Rxf6 Qg5+ 24. Qxg5+ hxg5 25. cxb5 axb5 26. Be4 Be6 27. b3 c4 28. bxc4 bxc4 29. a4 c3 30. Rdf1 Rb8 31. Rh6 Ba2 0-1